[Event "POL-ch (Public Admin) 3rd rapid"]
[Site "Warsaw"]
[Date "2017.12.09"]
[Round "6.12"]
[White "Dworakowski, Lukasz"]
[Black "Pacak, Patrycja"]
[Result "1-0"]
[WhiteElo "2299"]
[BlackElo "1754"]
[PlyCount "57"]
[EventDate "2017.12.09"]
[EventType "swiss (rapid)"]
[EventRounds "9"]
[EventCountry "POL"]
[SourceTitle "CBM 182 Extra"]
[Source "ChessBase"]
[SourceDate "2018.02.23"]
[SourceVersion "1"]
[SourceVersionDate "2018.02.23"]
[SourceQuality "1"]

1. e4 Nf6 2. e5 Nd5 3. d4 e6 4. c4 Ne7 5. Nc3 d5 6. exd6 cxd6 7. Nf3 d5 8. Be2 Nbc6 9. 0-0 Nf5 10. Re1 dxc4 11. d5 Na5 12. Bxc4 Nxc4 13. Qa4+ Qd7 14. Qxc4 Be7 15. dxe6 fxe6 16. Ne5 Qd4 17. Qb5+ Kf8 18. Rd1 Qb6 19. Qe2 Bc5 20. Bg5 Be7 21. Bxe7+ Kxe7 22. Rd2 Rf8 23. Rad1 Qc5 24. Nd7 Bxd7 25. Rxd7+ Ke8 26. Qxe6+ Ne7 27. Ne4 Rf6 28. Nxc5 Rxe6 29. Nxe6 1-0

[Event "POL-ch (Public Admin) 3rd rapid"]
[Site "Warsaw"]
[Date "2017.12.09"]
[Round "9.3"]
[White "Waruga, Wojciech"]
[Black "Dworakowski, Lukasz"]
[Result "1-0"]
[WhiteElo "1992"]
[BlackElo "2299"]
[PlyCount "77"]
[EventDate "2017.12.09"]
[EventType "swiss (rapid)"]
[EventRounds "9"]
[EventCountry "POL"]
[SourceTitle "CBM 182 Extra"]
[Source "ChessBase"]
[SourceDate "2018.02.23"]
[SourceVersion "1"]
[SourceVersionDate "2018.02.23"]
[SourceQuality "1"]

1. e4 e5 2. Nc3 Bc5 3. Qg4 Qf6 4. Nf3 Ne7 5. Qg3 Nbc6 6. d3 h6 7. Be3 Bb4 8. Bd2 Bxc3 9. Bxc3 d6 10. 0-0-0 0-0 11. d4 exd4 12. Nxd4 Nxd4 13. Bxd4 Qg6 14. Bd3 Qxg3 15. hxg3 Nc6 16. Bc3 Be6 17. b3 a6 18. Rh4 f6 19. f4 Ne7 20. Be2 Rae8 21. Bf3 Bc8 22. Rhh1 Rd8 23. Rd2 f5 24. e5 dxe5 25. Bxe5 Rxd2 26. Kxd2 c6 27. c4 Rd8+ 28. Kc3 Be6 29. Re1 Kf7 30. Bxg7 Ng8 31. Be5 Nf6 32. Bd4 Rg8 33. Bf2 Ng4 34. Bxg4 Rxg4 35. Re5 Rg8 36. Re3 Rd8 37. Be1 Rd7 38. Bd2 Kg6 39. Rxe6+ 1-0

[Event "POL-chT3 Mazowiecki"]
[Site "Warsaw"]
[Date "2011.03.06"]
[Round "8.8"]
[White "Dworakowski, Lukasz"]
[Black "Pinski, Jan"]
[Result "1/2-1/2"]
[WhiteElo "2323"]
[BlackElo "2374"]
[PlyCount "58"]
[EventDate "2011.01.09"]
[EventType "team-tourn"]
[EventRounds "10"]
[EventCountry "POL"]
[SourceTitle "EXT 2015"]
[Source "ChessBase"]
[SourceDate "2014.11.20"]
[SourceVersion "1"]
[SourceVersionDate "2014.11.20"]
[SourceQuality "1"]
[WhiteTeam "Warszawa Entropia"]
[BlackTeam "Warszawa KU AZS UW w II"]
[WhiteTeamCountry "POL"]
[BlackTeamCountry "POL"]

1. e4 e5 2. Nf3 Nc6 3. Bb5 f5 4. d4 fxe4 5. Nxe5 Nxe5 6. dxe5 c6 7. Be2 Qa5+ 8. Bd2 Qxe5 9. Bc3 Qg5 10. Bh5+ Kd8 11. 0-0 d5 12. f4 Bc5+ 13. Kh1 Qe7 14. Be5 Nh6 15. c4 Nf5 16. cxd5 Ne3 17. dxc6+ Bd7 18. cxb7 Rb8 19. Bxb8 Nxd1 20. Rxd1 Qh4 21. Be5 Ke7 22. Be2 Bf2 23. f5 e3 24. Rxd7+ Kxd7 25. Nc3 Be1 26. g3 Bxc3 27. gxh4 Bxe5 28. Rd1+ Kc7 29. Bf3 Rd8 1/2-1/2

[Event "Arctic Chess Challenge"]
[Site "Tromsoe"]
[Date "2007.08.09"]
[Round "6"]
[White "Dworakowski, Lukasz"]
[Black "Sarakauskiene, Zivile"]
[Result "0-1"]
[WhiteElo "2334"]
[BlackElo "2176"]
[PlyCount "77"]
[EventDate "2007.08.04"]
[EventType "swiss"]
[EventRounds "9"]
[EventCountry "NOR"]
[SourceTitle "CBM 119 Extra"]
[Source "ChessBase"]
[SourceDate "2007.09.04"]
[SourceVersion "1"]
[SourceVersionDate "2007.09.04"]
[SourceQuality "1"]

1. e4 c5 2. Ne2 e6 3. d4 cxd4 4. Nxd4 a6 5. c4 Nf6 6. f3 Qc7 7. Nc3 b6 8. Be3 Be7 9. Rc1 0-0 10. Be2 d6 11. 0-0 Nbd7 12. Qe1 Re8 13. Qf2 Bb7 14. g4 Nf8 15. b4 N6d7 16. Nb3 Rac8 17. a3 Ng6 18. g5 Qb8 19. f4 Qa8 20. Bd3 Bd8 21. Nd2 Qa7 22. h4 Ne7 23. h5 Bc7 24. Bd4 Nc6 25. Be3 Ne7 26. Nf3 d5 27. e5 dxc4 28. Bxc4 Nf5 29. Bd3 Nxe3 30. Qxe3 b5 31. Kg2 Nb6 32. Kg3 Red8 33. Bb1 Nc4 34. Qe2 Nxa3 35. g6 Nxb1 36. gxh7+ Kh8 37. Nxb1 Bxe5 38. Nxe5 Rc3+ 39. Kh4 0-1

[Event "Arctic Chess Challenge"]
[Site "Tromsoe"]
[Date "2007.08.06"]
[Round "3"]
[White "Brodsky, Michail"]
[Black "Dworakowski, Lukasz"]
[Result "1-0"]
[WhiteElo "2595"]
[BlackElo "2334"]
[PlyCount "75"]
[EventDate "2007.08.04"]
[EventType "swiss"]
[EventRounds "9"]
[EventCountry "NOR"]
[SourceTitle "CBM 119 Extra"]
[Source "ChessBase"]
[SourceDate "2007.09.04"]
[SourceVersion "1"]
[SourceVersionDate "2007.09.04"]
[SourceQuality "1"]

1. d4 Nf6 2. c4 g6 3. Nc3 Bg7 4. e4 d6 5. Be2 0-0 6. Nf3 e5 7. 0-0 Nc6 8. d5 Ne7 9. Bd2 Nd7 10. b4 Kh8 11. Rc1 Ng8 12. c5 dxc5 13. bxc5 Nxc5 14. Be3 b6 15. Bxc5 bxc5 16. Na4 Qd6 17. Nxc5 c6 18. dxc6 Qxc6 19. a4 Qb6 20. h3 a6 21. Qd5 Ra7 22. Nxe5 Ne7 23. Nxf7+ Kg8 24. Qd6 Qb2 25. Bc4 Rxf7 26. Qd8+ Bf8 27. Bxf7+ Kxf7 28. Nd3 Qb8 29. f4 Kg8 30. Ne5 Rb7 31. Rfd1 Rb2 32. Qc7 Qb4 33. Qc5 Qxc5+ 34. Rxc5 Be6 35. Rc7 Rb8 36. Rd6 Bb3 37. Rxa6 Nc8 38. Nd7 1-0

[Event "POL-chT Liga Mazowiecka 2006/07"]
[Site "Poland"]
[Date "2007.02.04"]
[Round "8.8"]
[White "Dworakowski, Lukasz"]
[Black "Krasiewicz, Robert"]
[Result "1/2-1/2"]
[WhiteElo "2104"]
[BlackElo "2104"]
[PlyCount "75"]
[EventDate "2006.10.22"]
[EventType "team-swiss"]
[EventRounds "9"]
[EventCountry "POL"]
[SourceTitle "EXT 2011"]
[Source "ChessBase"]
[SourceDate "2010.11.26"]
[SourceVersion "1"]
[SourceVersionDate "2010.11.26"]
[SourceQuality "1"]
[WhiteTeam "Warszawa Entropia"]
[BlackTeam "Zielonka Zieloni Juniorzy"]
[WhiteTeamCountry "POL"]
[BlackTeamCountry "POL"]

1. e4 e6 2. d4 d5 3. Nd2 c5 4. exd5 exd5 5. Ngf3 Nf6 6. Be2 Nc6 7. 0-0 cxd4 8. Nb3 Bd6 9. Bg5 h6 10. Bh4 g5 11. Bg3 Bxg3 12. hxg3 Qb6 13. Re1 0-0 14. Nfxd4 Bd7 15. c3 Rfe8 16. Qc2 Ne5 17. Bd3 Nxd3 18. Qxd3 Ne4 19. Re2 Rad8 20. Rae1 a5 21. a3 Nd6 22. Rxe8+ Rxe8 23. Rxe8+ Bxe8 24. Qe2 Ba4 25. Nc1 Qd8 26. f3 Qe8 27. Kf2 Qxe2+ 28. Kxe2 Kg7 29. g4 Kf6 30. b3 Bd7 31. a4 b5 32. axb5 Nxb5 33. Kd3 Ke5 34. Nce2 Nd6 35. Ke3 a4 36. bxa4 Bxa4 37. Nc1 Bb5 38. Nxb5 1/2-1/2

[Event "POL-chT 2nd League"]
[Site "Lublin"]
[Date "2006.09.08"]
[Round "7.93"]
[White "Dworakowski, Lukasz"]
[Black "Kielek, Andrzej"]
[Result "1-0"]
[WhiteElo "2351"]
[BlackElo "2071"]
[PlyCount "61"]
[EventDate "2006.09.02"]
[EventType "team-swiss"]
[EventRounds "9"]
[EventCountry "POL"]
[SourceTitle "EXT 2019"]
[Source "ChessBase"]
[SourceDate "2018.10.10"]
[SourceVersion "1"]
[SourceVersionDate "2018.10.10"]
[SourceQuality "1"]
[WhiteTeam "Warszawa Entropia"]
[BlackTeam "Lubsko Caissa"]
[WhiteTeamCountry "POL"]
[BlackTeamCountry "POL"]

1. e4 c5 2. Nc3 Nc6 3. g3 g6 4. Bg2 Bg7 5. d3 d6 6. Be3 Rb8 7. Qd2 b5 8. f4 b4 9. Nd1 Qa5 10. Nf3 Nd4 11. 0-0 Nxf3+ 12. Bxf3 Bd7 13. Kh1 Bd4 14. Qf2 Qb6 15. a3 a5 16. c3 Bxe3 17. Nxe3 e6 18. Nc4 Qc7 19. axb4 axb4 20. Ra6 Bc6 21. e5 Bxf3+ 22. Qxf3 d5 23. Nd6+ Kf8 24. Rfa1 bxc3 25. bxc3 Ne7 26. Ra7 Qb6 27. Qg4 h6 28. Qh4 Qd8 29. Nxf7 g5 30. Nxg5 Qc8 31. Qh5 1-0

[Event "POL-chT 57th"]
[Site "Glogow"]
[Date "2001.09.11"]
[Round "4"]
[White "Jakubowski, Krzysztof"]
[Black "Dworakowski, Lukasz"]
[Result "1-0"]
[WhiteElo "2376"]
[BlackElo "2352"]
[PlyCount "39"]
[EventDate "2001.09.08"]
[EventType "team-tourn"]
[EventRounds "9"]
[EventCountry "POL"]
[SourceTitle "EXT 2019"]
[Source "ChessBase"]
[SourceDate "2018.10.10"]
[SourceVersion "1"]
[SourceVersionDate "2018.10.10"]
[SourceQuality "1"]
[WhiteTeam "Lomza Devo Maraton"]
[BlackTeam "Bielsko-Biala Porto Balbo"]
[WhiteTeamCountry "POL"]
[BlackTeamCountry "POL"]

1. e4 e5 2. Nf3 Nc6 3. Bb5 a6 4. Bxc6 dxc6 5. Nc3 Qd6 6. d4 exd4 7. Nxd4 Qg6 8. 0-0 Nf6 9. Bf4 Bg4 10. Nde2 Rd8 11. Qe1 Bc5 12. Kh1 Bxe2 13. Qxe2 Nh5 14. Bxc7 Rd7 15. Na4 Bxf2 16. Qxf2 Rxc7 17. Qc5 Re7 18. Nb6 Qg4 19. Qd6 Kf8 20. Qd8+ 1-0

[Event "POL-chT 55th"]
[Site "Suwalki"]
[Date "1999.09.23"]
[Round "6"]
[White "Dworakowski, Lukasz"]
[Black "Stempin, Pawel"]
[Result "1/2-1/2"]
[WhiteElo "2355"]
[BlackElo "2392"]
[PlyCount "95"]
[EventDate "1999.09.18"]
[EventType "team-tourn"]
[EventRounds "11"]
[EventCountry "POL"]
[SourceTitle "EXT 2019"]
[Source "ChessBase"]
[SourceDate "2018.10.10"]
[SourceVersion "1"]
[SourceVersionDate "2018.10.10"]
[SourceQuality "1"]
[WhiteTeam "Warszawa Entropia"]
[BlackTeam "Poznan Pocztowiec"]
[WhiteTeamCountry "POL"]
[BlackTeamCountry "POL"]

1. e4 e5 2. Bc4 Nf6 3. d3 Nc6 4. Nf3 Be7 5. 0-0 0-0 6. Re1 d6 7. a3 h6 8. h3 Nh7 9. Nc3 Ng5 10. Nd5 Nxf3+ 11. Qxf3 Kh8 12. Qh5 Kh7 13. c3 f5 14. exf5 Bxf5 15. d4 Bg6 16. Qe2 Bh4 17. g3 Bf6 18. Bd3 Bxd3 19. Qxd3+ Kh8 20. Be3 Qd7 21. b4 a6 22. a4 Qf7 23. Nxf6 Qxf6 24. d5 Ne7 25. a5 Nf5 26. Ra2 c6 27. dxc6 bxc6 28. c4 Qe6 29. Rd2 e4 30. Bf4 Rae8 31. Rde2 d5 32. cxd5 cxd5 33. f3 exd3 34. Rxe6 Rxe6 35. Rxe6 d2 36. Bxd2 Nd4 37. Rxa6 Nxf3+ 38. Kf2 Nxd2+ 39. Ke3 Nc4+ 40. Kd4 Rb8 41. Kc5 Rd8 42. Re6 Kg8 43. a6 Kf7 44. Re2 Rc8+ 45. Kxd5 Nb6+ 46. Kd6 Nc4+ 47. Kd5 Nb6+ 48. Kd6 1/2-1/2

[Event "POL-chT 55th"]
[Site "Suwalki"]
[Date "1999.09.21"]
[Round "4"]
[White "Dworakowski, Lukasz"]
[Black "Rydzik, Karol"]
[Result "1/2-1/2"]
[WhiteElo "2355"]
[BlackElo "2100"]
[PlyCount "78"]
[EventDate "1999.09.18"]
[EventType "team-tourn"]
[EventRounds "11"]
[EventCountry "POL"]
[SourceTitle "EXT 2019"]
[Source "ChessBase"]
[SourceDate "2018.10.10"]
[SourceVersion "1"]
[SourceVersionDate "2018.10.10"]
[SourceQuality "1"]
[WhiteTeam "Warszawa Entropia"]
[BlackTeam "Glogow MOK Chrobry"]
[WhiteTeamCountry "POL"]
[BlackTeamCountry "POL"]

1. e4 c5 2. Nf3 Nc6 3. d4 cxd4 4. Nxd4 Nf6 5. Nc3 e5 6. Ndb5 d6 7. Bg5 a6 8. Na3 b5 9. Bxf6 gxf6 10. Nd5 f5 11. Bd3 Be6 12. 0-0 Bg7 13. Qh5 f4 14. c4 b4 15. Nc2 a5 16. b3 0-0 17. a3 bxa3 18. Rxa3 h6 19. Rd1 Qg5 20. Be2 Rab8 21. Nc7 Rfd8 22. Rd3 Rb7 23. Nb5 Bf8 24. Ra1 Be7 25. Bf3 Rbd7 26. h3 Kh7 27. Rad1 Kg7 28. Nba3 Bf8 29. Nb1 a4 30. bxa4 Bxc4 31. Rc3 Bb5 32. axb5 Nd4 33. b6 Rb7 34. Rc7 Nxf3+ 35. Qxf3 Rxb6 36. Nc3 Rdb8 37. Ra1 R6b7 38. Ra7 Rxc7 39. Rxc7 Be7 1/2-1/2

[Event "Poznan-ch"]
[Site "Poznan"]
[Date "1999.??.??"]
[Round "2"]
[White "Bobras, Piotr"]
[Black "Dworakowski, Lukasz"]
[Result "0-1"]
[WhiteElo "2390"]
[BlackElo "2355"]
[PlyCount "60"]
[EventDate "1999.??.??"]
[EventType "tourn"]
[EventRounds "9"]
[EventCountry "POL"]
[EventCategory "7"]
[SourceTitle "EXT 2002"]
[Source "ChessBase"]
[SourceDate "2001.11.25"]
[SourceVersion "1"]
[SourceVersionDate "2001.11.25"]
[SourceQuality "1"]

1. e4 e5 2. Nf3 Nc6 3. Nc3 Nf6 4. g3 Bc5 5. Bg2 d6 6. h3 Be6 7. 0-0 a6 8. d3 h6 9. Kh2 Qd7 10. Be3 Bxe3 11. fxe3 d5 12. Nh4 dxe4 13. Rxf6 gxf6 14. Nxe4 Qe7 15. Qf3 0-0-0 16. a3 Kb8 17. b4 Bc8 18. Nxf6 Rhf8 19. Rb1 Qe6 20. Rb3 Ne7 21. b5 a5 22. c4 Ng6 23. Nd5 Nxh4 24. gxh4 Rg8 25. Rb2 Rg7 26. Kh1 Rdg8 27. b6 c6 28. Nc7 Qd6 29. Rb5 Qxa3 30. Rb1 Rxg2 0-1

[Event "Poznan-ch"]
[Site "Poznan"]
[Date "1999.??.??"]
[Round "7"]
[White "Dworakowski, Lukasz"]
[Black "Urban, Klaudiusz"]
[Result "0-1"]
[WhiteElo "2355"]
[BlackElo "2460"]
[PlyCount "76"]
[EventDate "1999.??.??"]
[EventType "tourn"]
[EventRounds "9"]
[EventCountry "POL"]
[EventCategory "7"]
[SourceTitle "EXT 2002"]
[Source "ChessBase"]
[SourceDate "2001.11.25"]
[SourceVersion "1"]
[SourceVersionDate "2001.11.25"]
[SourceQuality "1"]

1. e4 g6 2. Nc3 Bg7 3. d4 d6 4. Nf3 Nf6 5. Be2 0-0 6. 0-0 Nc6 7. Be3 a6 8. a4 h6 9. h3 e5 10. Qd2 exd4 11. Nxd4 Nxd4 12. Bxd4 Re8 13. Bf3 Bd7 14. Rfe1 Bc6 15. Re3 a5 16. Rd1 Nd7 17. Bxg7 Kxg7 18. Be2 Qg5 19. Bb5 Re7 20. b3 Ne5 21. Rde1 Nd7 22. Qd4+ Qf6 23. Qxf6+ Kxf6 24. f4 Rae8 25. Kf2 Kg7 26. Bxc6 bxc6 27. Kf3 f6 28. Nb1 Kf7 29. Nd2 Nb6 30. Ke2 Nd5 31. Rf3 f5 32. Kd3 fxe4+ 33. Rxe4 Nb4+ 34. Rxb4 axb4 35. g3 g5 36. c3 bxc3 37. Kxc3 c5 38. Rd3 Re4 0-1

[Event "POL-ch U26"]
[Site "Warsaw"]
[Date "1999.??.??"]
[Round "?"]
[White "Protaziuk, Grzegorz"]
[Black "Dworakowski, Lukasz"]
[Result "1-0"]
[WhiteElo "2385"]
[BlackElo "2355"]
[PlyCount "99"]
[EventDate "1999.??.??"]
[EventType "swiss"]
[EventRounds "9"]
[EventCountry "POL"]
[SourceTitle "EXT 2002"]
[Source "ChessBase"]
[SourceDate "2001.11.25"]
[SourceVersion "1"]
[SourceVersionDate "2001.11.25"]
[SourceQuality "1"]

1. e4 e5 2. Nf3 Nc6 3. d4 exd4 4. Nxd4 Nf6 5. Nxc6 bxc6 6. e5 Qe7 7. Qe2 Nd5 8. c4 Nb6 9. Nd2 Qe6 10. b3 a5 11. Bb2 a4 12. Qe3 Bb4 13. Be2 0-0 14. 0-0 f6 15. Nf3 fxe5 16. Bd3 g6 17. a3 Be7 18. Nxe5 Bf6 19. Qg3 d6 20. Nxg6 Bxb2 21. Nxf8+ Kxf8 22. Rae1 Be5 23. Qf3+ Qf7 24. Qxc6 axb3 25. c5 Qd5 26. Qxc7 Qxd3 27. cxb6 Qd5 28. Qd8+ Kf7 29. Qc7+ Kg6 30. Rd1 Qf7 31. Rxd6+ Bxd6 32. Qxd6+ Qe6 33. Qg3+ Kh6 34. Qh4+ Kg6 35. Qg3+ Kh6 36. Qf3 Ba6 37. b7 Rd8 38. Qf4+ Kg6 39. Qg3+ Kh6 40. Qh4+ Kg6 41. Qxd8 Bxb7 42. Qd4 Qe4 43. Qb6+ Bc6 44. f3 Qc2 45. Qf2 Qc3 46. Qe1 Qc5+ 47. Rf2 Bb5 48. g4 Kf7 49. Qb1 Qe3 50. Qf5+ 1-0

[Event "Poznan-ch"]
[Site "Poznan"]
[Date "1999.??.??"]
[Round "9"]
[White "Rudolf, Henrik"]
[Black "Dworakowski, Lukasz"]
[Result "0-1"]
[WhiteElo "2340"]
[BlackElo "2355"]
[PlyCount "73"]
[EventDate "1999.??.??"]
[EventType "tourn"]
[EventRounds "9"]
[EventCountry "POL"]
[EventCategory "7"]
[SourceTitle "EXT 2002"]
[Source "ChessBase"]
[SourceDate "2001.11.25"]
[SourceVersion "1"]
[SourceVersionDate "2001.11.25"]
[SourceQuality "1"]

1. e4 e5 2. Nf3 Nc6 3. Bb5 a6 4. Ba4 Nf6 5. 0-0 Be7 6. Bxc6 dxc6 7. d3 Nd7 8. Nbd2 f6 9. Nh4 g6 10. f4 exf4 11. Nb3 0-0 12. Rxf4 f5 13. Nf3 Bd6 14. Rh4 Ne5 15. Qe1 Nxf3+ 16. gxf3 f4 17. d4 Qg5+ 18. Qg3 h6 19. Qxg5 hxg5 20. Rg4 Bxg4 21. fxg4 Kf7 22. Nd2 c5 23. e5 Be7 24. d5 c4 25. b3 cxb3 26. axb3 Bc5+ 27. Kg2 c6 28. e6+ Kg8 29. Ne4 Bd4 30. Ra4 f3+ 31. Kf1 cxd5 32. Rxd4 dxe4 33. Rxe4 Rac8 34. c4 b5 35. Bxg5 bxc4 36. bxc4 a5 37. Bf6 0-1

[Event "Poznan-ch"]
[Site "Poznan"]
[Date "1999.??.??"]
[Round "4"]
[White "Szelag, Marcin"]
[Black "Dworakowski, Lukasz"]
[Result "1/2-1/2"]
[WhiteElo "2385"]
[BlackElo "2355"]
[PlyCount "83"]
[EventDate "1999.??.??"]
[EventType "tourn"]
[EventRounds "9"]
[EventCountry "POL"]
[EventCategory "7"]
[SourceTitle "EXT 2002"]
[Source "ChessBase"]
[SourceDate "2001.11.25"]
[SourceVersion "1"]
[SourceVersionDate "2001.11.25"]
[SourceQuality "1"]

1. e4 e5 2. Nf3 Nc6 3. Bb5 a6 4. Ba4 Nf6 5. 0-0 Be7 6. Re1 b5 7. Bb3 d6 8. c3 0-0 9. h3 Na5 10. Bc2 c5 11. d4 Qc7 12. Nbd2 Bd7 13. Nf1 cxd4 14. cxd4 Rac8 15. Ne3 Nc6 16. dxe5 dxe5 17. Nd5 Nxd5 18. exd5 Nb4 19. Bb3 Bf5 20. Nxe5 Bc2 21. Qe2 Bd6 22. Bf4 Bxb3 23. axb3 Nxd5 24. Bg3 Rfe8 25. Qg4 Re6 26. Nxf7 Rxe1+ 27. Rxe1 Bxg3 28. fxg3 Qc5+ 29. Kh2 Kxf7 30. Qe6+ Kf8 31. Re5 Qc6 32. Qxd5 Qxd5 33. Rxd5 Rc2 34. Rd8+ Ke7 35. Rg8 Kf7 36. Ra8 Rxb2 37. Ra7+ Kf6 38. Rxa6+ Ke5 39. Ra7 Kf6 40. Ra6+ Ke5 41. Ra7 Kf6 42. Ra6+ 1/2-1/2

[Event "MK Cafe Cup-B"]
[Site "Koszalin"]
[Date "1998.??.??"]
[Round "1"]
[White "Dlugosz, Jedrzej"]
[Black "Dworakowski, Lukasz"]
[Result "0-1"]
[WhiteElo "2120"]
[BlackElo "2340"]
[PlyCount "100"]
[EventDate "1998.08.??"]
[EventType "swiss"]
[EventRounds "10"]
[EventCountry "POL"]
[SourceTitle "EXT 1999"]
[Source "ChessBase"]
[SourceDate "1998.11.16"]
[SourceVersion "1"]
[SourceVersionDate "1998.11.16"]
[SourceQuality "1"]

1. e4 e5 2. Nf3 Nc6 3. Bb5 a6 4. Ba4 Nf6 5. d4 exd4 6. 0-0 Be7 7. Re1 0-0 8. e5 Ne8 9. Bf4 b5 10. Bb3 d5 11. c3 Bg4 12. h3 Bh5 13. cxd4 Bxf3 14. gxf3 Na5 15. Bc2 Qd7 16. Kh2 g6 17. Nd2 Ng7 18. Bh6 c5 19. Nb3 Nxb3 20. Bxb3 c4 21. Bc2 f6 22. f4 f5 23. Rg1 Rad8 24. Bxg7 Kxg7 25. Qh5 Qe6 26. Rg2 Rd7 27. Rag1 Bd8 28. Qf3 Bh4 29. Qh5 Bd8 30. Qf3 Kf7 31. h4 Ke8 32. h5 Rg7 33. Qh3 Bb6 34. hxg6 hxg6 35. Rg5 Rgg8 36. Kg2 Bxd4 37. Kf1 Rh8 38. Qg2 Rh6 39. Qf3 Rfh8 40. Qg2 Bxb2 41. Rxg6 Rxg6 42. Qxg6+ Qxg6 43. Rxg6 Rh4 44. Re6+ Kf7 45. Rf6+ Ke7 46. Bxf5 Rxf4 47. Ke2 d4 48. Re6+ Kd8 49. Bg6 d3+ 50. Ke3 Bc1# 0-1

[Event "MK Cafe Cup-B"]
[Site "Koszalin"]
[Date "1998.??.??"]
[Round "10"]
[White "Dworakowski, Lukasz"]
[Black "Izbinski, Bartlomiej"]
[Result "1/2-1/2"]
[WhiteElo "2340"]
[BlackElo "2160"]
[PlyCount "82"]
[EventDate "1998.08.??"]
[EventType "swiss"]
[EventRounds "10"]
[EventCountry "POL"]
[SourceTitle "EXT 1999"]
[Source "ChessBase"]
[SourceDate "1998.11.16"]
[SourceVersion "1"]
[SourceVersionDate "1998.11.16"]
[SourceQuality "1"]

1. e4 c5 2. Nf3 Nc6 3. d4 cxd4 4. Nxd4 g6 5. c4 Nf6 6. Nc3 Nxd4 7. Qxd4 d6 8. f3 Bg7 9. Be3 0-0 10. Qd2 Be6 11. Rc1 a6 12. Be2 Qa5 13. Nd5 Qxd2+ 14. Kxd2 Bxd5 15. cxd5 Rfc8 16. b4 Kf8 17. Rxc8+ Rxc8 18. Rc1 Rxc1 19. Kxc1 Nd7 20. Kc2 Ke8 21. a4 Kd8 22. a5 Ba1 23. f4 Kc7 24. Bc4 Bg7 25. Kd3 Ba1 26. Bf2 Bg7 27. Kd2 Ba1 28. Kd3 Bg7 29. Be3 Ba1 30. Bd4 Bxd4 31. Kxd4 Nf6 32. Be2 Ne8 33. Kc4 b5+ 34. Kd4 Kd8 35. e5 Nc7 36. h4 Ke8 37. Bg4 f5 38. Bf3 h5 39. g3 Kd8 40. Be2 Ke8 41. Bf3 Kf7 1/2-1/2

[Event "MK Cafe Cup-B"]
[Site "Koszalin"]
[Date "1998.??.??"]
[Round "8"]
[White "Dworakowski, Lukasz"]
[Black "Kowalak, Piotr"]
[Result "1-0"]
[WhiteElo "2340"]
[BlackElo "2215"]
[PlyCount "136"]
[EventDate "1998.08.??"]
[EventType "swiss"]
[EventRounds "10"]
[EventCountry "POL"]
[SourceTitle "EXT 1999"]
[Source "ChessBase"]
[SourceDate "1998.11.16"]
[SourceVersion "1"]
[SourceVersionDate "1998.11.16"]
[SourceQuality "1"]

1. e4 c5 2. Nf3 Nc6 3. d4 cxd4 4. Nxd4 Nf6 5. Nc3 e5 6. Ndb5 d6 7. Bg5 a6 8. Na3 Be6 9. Nc4 Rc8 10. Bd3 Be7 11. Bxf6 Bxf6 12. 0-0 0-0 13. Ne3 Bg5 14. Ncd5 g6 15. c3 Ne7 16. Bc2 Bxd5 17. Nxd5 Nxd5 18. Qxd5 Qb6 19. Bb3 Rc5 20. Qd3 a5 21. Rab1 Kg7 22. Bd5 Qc7 23. g3 b5 24. Kg2 f5 25. exf5 Rxf5 26. Rbd1 Be7 27. h4 Rf6 28. h5 g5 29. Qe4 Qc8 30. a3 Qf5 31. Qe2 h6 32. f3 Rf8 33. Ba2 Rb8 34. Rd5 Rxd5 35. Bxd5 b4 36. axb4 axb4 37. c4 b3 38. Be4 Qf6 39. Ra1 Qf8 40. Bd3 Kh8 41. Ra7 Qg7 42. Qe4 Kg8 43. Qf5 e4 44. Bxe4 Qxb2+ 45. Kh3 Qg7 46. Bd5+ Kh8 47. Qe4 g4+ 48. fxg4 b2 49. Rxe7 Qxe7 50. Qxe7 b1Q 51. Qxd6 Qf1+ 52. Kh4 Qf8 53. Qxf8+ Rxf8 54. g5 Kg7 55. gxh6+ Kxh6 56. g4 Rf4 57. c5 Rd4 58. Be6 Re4 59. Bd7 Rd4 60. c6 Rc4 61. Kg3 Kg5 62. Kf3 Kh6 63. Ke3 Kg5 64. Kd3 Rc5 65. Kd4 Rc1 66. Ke5 Rc2 67. Kd6 Rd2+ 68. Ke7 Rc2 1-0

[Event "MK Cafe Cup-B"]
[Site "Koszalin"]
[Date "1998.??.??"]
[Round "4"]
[White "Dworakowski, Lukasz"]
[Black "Krivoshey, Sergei"]
[Result "0-1"]
[WhiteElo "2340"]
[BlackElo "2460"]
[PlyCount "38"]
[EventDate "1998.08.??"]
[EventType "swiss"]
[EventRounds "10"]
[EventCountry "POL"]
[SourceTitle "EXT 1999"]
[Source "ChessBase"]
[SourceDate "1998.11.16"]
[SourceVersion "1"]
[SourceVersionDate "1998.11.16"]
[SourceQuality "1"]

1. e4 d5 2. exd5 Nf6 3. d4 Bg4 4. f3 Bf5 5. Bb5+ Nbd7 6. c4 e6 7. dxe6 Bxe6 8. d5 Bf5 9. Nc3 Bb4 10. Nge2 0-0 11. Bxd7 Nxd7 12. 0-0 Nc5 13. Be3 Re8 14. Bxc5 Bxc5+ 15. Kh1 Qh4 16. b3 Re3 17. g3 Qf6 18. Na4 Bd3 19. Rf2 Bxe2 0-1

[Event "MK Cafe Cup-B"]
[Site "Koszalin"]
[Date "1998.??.??"]
[Round "6"]
[White "Dworakowski, Lukasz"]
[Black "Mista, Aleksander"]
[Result "1-0"]
[WhiteElo "2340"]
[BlackElo "2255"]
[PlyCount "77"]
[EventDate "1998.08.??"]
[EventType "swiss"]
[EventRounds "10"]
[EventCountry "POL"]
[SourceTitle "EXT 1999"]
[Source "ChessBase"]
[SourceDate "1998.11.16"]
[SourceVersion "1"]
[SourceVersionDate "1998.11.16"]
[SourceQuality "1"]

1. e4 e5 2. Nf3 Nc6 3. Bb5 a6 4. Ba4 Nf6 5. 0-0 b5 6. Bb3 Bb7 7. Re1 Bc5 8. c3 d6 9. d3 0-0 10. Nbd2 Bb6 11. Nf1 Na5 12. Bc2 Ng4 13. d4 d5 14. h3 Nf6 15. Bg5 dxe4 16. Nxe5 Qd6 17. Ng3 Rad8 18. Bxe4 c5 19. Bxb7 Nxb7 20. Qf3 Qd5 21. Ne4 Nxe4 22. Bxd8 Nxd8 23. Qxe4 Qd6 24. Nf3 cxd4 25. cxd4 Ne6 26. Rac1 Nxd4 27. Nxd4 Qxd4 28. Qxd4 Bxd4 29. b3 g6 30. Re7 a5 31. Rd7 Bb6 32. Rb7 Bd4 33. Rxb5 Re8 34. Kf1 Bb2 35. Rc7 Ba3 36. Rcb7 Re4 37. Rxa5 Bb4 38. Ra8+ Kg7 39. g3 1-0

[Event "Heart of Finland op 08th"]
[Site "Jyvaskyla"]
[Date "1998.??.??"]
[Round "?"]
[White "Dworakowski, Lukasz"]
[Black "Sakalauskas, Vaidas"]
[Result "1/2-1/2"]
[WhiteElo "2330"]
[BlackElo "2415"]
[PlyCount "90"]
[EventDate "1998.07.??"]
[EventType "swiss"]
[EventRounds "9"]
[EventCountry "FIN"]
[SourceTitle "EXT 2000"]
[Source "ChessBase"]
[SourceDate "1999.11.16"]
[SourceVersion "1"]
[SourceVersionDate "1999.11.16"]
[SourceQuality "1"]

1. e4 e6 2. d4 d5 3. Nd2 Nf6 4. e5 Nfd7 5. Bd3 c5 6. c3 Nc6 7. Ne2 cxd4 8. cxd4 f6 9. exf6 Qxf6 10. Nf3 h6 11. Be3 Bd6 12. Rc1 0-0 13. Bb1 Rd8 14. 0-0 Nf8 15. Qd2 Bd7 16. Bf4 Be8 17. Bxd6 Rxd6 18. Rfe1 Bg6 19. Nf4 Bxb1 20. Rxb1 g5 21. Nh5 Qf7 22. Ng3 Ng6 23. Rbc1 Rf8 24. b4 Qf4 25. Qb2 Nh4 26. Ne5 Nxe5 27. Rxe5 Qf7 28. h3 Rd7 29. Nf1 Ng6 30. Re3 Nf4 31. Nh2 Rc7 32. Ng4 Kg7 33. Ne5 Qe7 34. Rec3 Rfc8 35. Rc5 b6 36. Rxc7 Rxc7 37. Rxc7 Qxc7 38. g3 Qc3 39. Qb1 Qc1+ 40. Qxc1 Ne2+ 41. Kf1 Nxc1 42. a3 Nb3 43. Nf3 Na1 44. Ne1 Nb3 45. Nf3 Na1 1/2-1/2